Isaac newton / (Record no. 3569)
[ view plain ]
| 000 -LEADER | |
|---|---|
| fixed length control field | 00870nam a22002417a 4500 |
| 001 - CONTROL NUMBER | |
| control field | 3569 |
| 003 - CONTROL NUMBER IDENTIFIER | |
| control field | FISKH |
| 005 - DATE AND TIME OF LATEST TRANSACTION | |
| control field | 20240320160359.0 |
| 008 - FIXED-LENGTH DATA ELEMENTS--GENERAL INFORMATION | |
| fixed length control field | 240320b cb ||||| |||| 00| 0 eng d |
| 040 ## - CATALOGING SOURCE | |
| Original cataloging agency | FISK |
| Language of cataloging | eng |
| Transcribing agency | FISK |
| Modifying agency | FISK |
| 050 ## - LIBRARY OF CONGRESS CALL NUMBER | |
| Classification number | QC16.N7 |
| 082 ## - DEWEY DECIMAL CLASSIFICATION NUMBER | |
| Classification number | 530.092 |
| 100 ## - MAIN ENTRY--PERSONAL NAME | |
| Personal name | Krull Kathleen |
| Dates associated with a name | 1952-2021 |
| 245 ## - TITLE STATEMENT | |
| Title | Isaac newton / |
| Statement of responsibility, etc. | Kathleen Krull |
| 260 ## - PUBLICATION, DISTRIBUTION, ETC. | |
| Place of publication, distribution, etc. | New York : |
| Name of publisher, distributor, etc. | Scholastic, |
| Date of publication, distribution, etc. | 2007 |
| 300 ## - PHYSICAL DESCRIPTION | |
| Extent | 125 pages : |
| Other physical details | illustrations, |
| Dimensions | 20 cm |
| 505 ## - FORMATTED CONTENTS NOTE | |
| Formatted contents note | U |
| 520 ## - SUMMARY, ETC. | |
| Summary, etc. | Isaac Newton was not only briiliant, but secretive, vindictive and obsessive. Here is a portrait of the man, contradictions and all, than places him against the backdrop of seventeenth-century England, a time of plague, the Great Fire of London, and two revolutions. |
| 521 8# - TARGET AUDIENCE NOTE | |
| Target audience note | 1000 |
| Source | Lexile |
| 700 ## - ADDED ENTRY--PERSONAL NAME | |
| Personal name | Kathleen Krull |
| 942 ## - ADDED ENTRY ELEMENTS (KOHA) | |
| Source of classification or shelving scheme | Dewey Decimal Classification |
| Koha item type | Books |
| Suppress in OPAC | No |
| Withdrawn status | Lost status | Source of classification or shelving scheme | Damaged status | Not for loan | Collection | Home library | Current library | Shelving location | Date acquired | Total Checkouts | Full call number | Barcode | Date last seen | Copy number | Price effective from | Koha item type |
|---|---|---|---|---|---|---|---|---|---|---|---|---|---|---|---|---|
| Dewey Decimal Classification | Non-Fiction | Footprints International School Library Network Toul Kork Campus | Footprints International School Library Network Toul Kork Campus | TTP Secondary Non-Fiction Bookshelves | 03/20/2024 | NEW QC16.N7 530.092 | 2024-0372 | 03/20/2024 | 1 | 03/20/2024 | Books |
